000 00403nam a2200169Ia 4500
008 230524s9999 xx 000 0 und d
020 _a8120307607
082 _a621.39
_bJOH
100 _aJohnny R.Johnson
245 0 _aDigital Signal Processing
250 _a1ST
260 _aNEW DELHI
_bPHI
_c2003
300 _aXVI;397
500 _aQuantity Number: 22
650 _aElectronics
942 _cBK
999 _c28603
_d28603